[Event "62.Camp. Veneto Quarti di Finale"]
[Site "Arquà Petrarca ITA"]
[Date "2002.05.12"]
[Round "6.18"]
[White "Calicchia, Giovanni"]
[Black "Ferrari, Mario"]
[Result "1-0"]
[WhiteElo "1585"]
[BlackElo "1737"]
[Annotator "Gabriele Ballarin"]
[PlyCount "114"]
[EventDate "2002.05.04"]
[EventType "swiss"]
[EventRounds "6"]
[EventCountry "ITA"]

1. e4 e6 2. d4 d5 3. exd5 exd5 4. Nf3 Nc6 5. c3 Bg4 6. Be2 Nf6 7. O-O Qd6 8. Ne5 h5 9. Bf4 Qe6 10. Re1 O-O-O 11. Nxg4 hxg4 12. Bg5 Bd6 13. g3 Rde8 14. Bxf6 Qxf6 15. Bxg4+ Kb8 16. Rxe8+ Rxe8 17. Bd7 Rh8 18. Nd2 Ne7 19. Nf1 Qh6 20. Qd2 g5 21. Re1 f5 22. Re6 Qg7 23. Qe2 f4 24. g4 a6 25. f3 Ka7 26. Ba4 Rh6 27. Rxh6 Qxh6 28. b4 Qf6 29. Bb3 c6 30. a4 b6 31. b5 c5 32. bxa6 c4 33. Bd1 Kxa6 34. Qb2 Qe6 35. Qb5+ Kb7 36. Kf2 Nc6 37. Bc2 Na5 38. Bf5 Qf7 39. Nd2 Nc6 40. Bc8+ Kxc8 41. Qxc6+ Bc7 42. Qa8+ Kd7 43. Qh8 Qe7 44. Nf1 Bd6 45. Qh6 Kc7 46. Qg6 Ba3 47. Qf5 Kc6 48. Qc8+ Kd6 49. Qb8+ Kc6 50. Qa8+ Kd6 51. a5 bxa5 52. Qxa5 Bc1 53. Qc5+ Ke6 54. Qc6+ Qd6 55. Qe8+ Qe7 56. Qg6+ Kd7 57. Qf5+ Ke8 1-0

[Event "62.Camp. Veneto Quarti di Finale"]
[Site "Arquà Petrarca ITA"]
[Date "2002.05.12"]
[Round "6.19"]
[White "Belloni, Umberto"]
[Black "Di Giacomo, Antonio"]
[Result "1/2-1/2"]
[WhiteElo "1662"]
[BlackElo "1585"]
[Annotator "Gabriele Ballarin"]
[PlyCount "104"]
[EventDate "2002.05.04"]
[EventType "swiss"]
[EventRounds "6"]
[EventCountry "ITA"]

1. e4 e5 2. Nf3 d6 3. Be2 Be7 4. O-O c6 5. d3 h6 6. h3 Nf6 7. Be3 Nbd7 8. Nh2 Nf8 9. f4 exf4 10. Bxf4 Qb6+ 11. Kh1 Qxb2 12. Nd2 Qb6 13. Nc4 Qc7 14. e5 dxe5 15. Bxe5 Qd8 16. Ng4 N8h7 17. Nxf6+ Nxf6 18. Qe1 O-O 19. Qg3 Ne8 20. Bg4 b5 21. Ne3 Bd6 22. Bxc8 Bxe5 23. Qxe5 Rxc8 24. Nf5 Rc7 25. Rae1 Kh7 26. Ne7 Qd6 27. Qxd6 Nxd6 28. Nf5 Nxf5 29. Rxf5 f6 30. Rc5 f5 31. Kg1 Rf6 32. Kf2 Kg6 33. Ree5 Rd7 34. Re8 Kf7 35. Rc8 Rd4 36. Rc7+ Kg6 37. Rxa7 Re6 38. Ra6 Rdd6 39. a4 bxa4 40. Rxa4 Kf6 41. Rac4 g5 42. Kf3 Kg6 43. h4 Kf6 44. hxg5+ Kxg5 45. Rh4 Rd5 46. Rxd5 cxd5 47. Rd4 Rc6 48. c4 dxc4 49. dxc4 Rc5 50. Ke3 Ra5 51. Kf3 Ra3+ 52. Kf2 Rc3 1/2-1/2

[Event "62.Camp. Veneto Quarti di Finale"]
[Site "Arquà Petrarca ITA"]
[Date "2002.05.12"]
[Round "6.20"]
[White "Mason, Andrea"]
[Black "Sanavio, Giancarlo"]
[Result "0-1"]
[WhiteElo "1503"]
[BlackElo "1648"]
[Annotator "Gabriele Ballarin"]
[PlyCount "46"]
[EventDate "2002.05.04"]
[EventType "swiss"]
[EventRounds "6"]
[EventCountry "ITA"]

1. d4 d5 2. c4 e6 3. Nc3 Be7 4. Nf3 Nf6 5. Bg5 Nbd7 6. e3 O-O 7. Bd3 dxc4 8. Bxc4 c5 9. O-O a6 10. a4 Nb6 11. Ba2 cxd4 12. exd4 Nbd5 13. Nxd5 exd5 14. Qb3 Qa5 15. Ne5 Re8 16. Rfe1 Be6 17. f3 Nh5 18. Bxe7 Rxe7 19. Rac1 Rc7 20. Rc3 Nf4 21. Qc2 Rac8 22. Rc1 Rxc3 23. bxc3 Rxc3 0-1

[Event "62.Camp. Veneto Quarti di Finale"]
[Site "Arquà Petrarca ITA"]
[Date "2002.05.12"]
[Round "6.21"]
[White "Chiumello, Roberto"]
[Black "Barbetta, Cosimo"]
[Result "1-0"]
[WhiteElo "1600"]
[BlackElo "1510"]
[Annotator "Gabriele Ballarin"]
[PlyCount "95"]
[EventDate "2002.05.04"]
[EventType "swiss"]
[EventRounds "6"]
[EventCountry "ITA"]

1. c4 Nf6 2. Nc3 c6 3. d4 g6 4. g3 Bg7 5. Bg2 d6 6. Nf3 Nbd7 7. O-O O-O 8. e4 e6 9. e5 dxe5 10. dxe5 Ng4 11. Bg5 Qa5 12. Bf6 Ndxf6 13. exf6 Bxf6 14. Qc2 Ne5 15. Ne4 Nxf3+ 16. Bxf3 Be7 17. a3 Qc7 18. Rad1 e5 19. Qd2 Be6 20. c5 Rad8 21. Nd6 Rd7 22. Qe3 f6 23. Ne4 Rxd1 24. Rxd1 Rd8 25. Re1 Rd4 26. b4 Qd8 27. Bg2 Rd3 28. Qc1 Bg4 29. Nd6 Bxd6 30. Qc4+ Rd5 31. Bxd5+ cxd5 32. Qxd5+ Kg7 33. cxd6 Qd7 34. f4 Be6 35. Qc5 Kf7 36. fxe5 f5 37. Rc1 Qa4 38. Qc7+ Bd7 39. Re1 Kg8 40. Qd8+ Kg7 41. Qf6+ Kh6 42. e6 Bc6 43. Qh4+ Kg7 44. d7 Qc2 45. Qd4+ Kh6 46. Qe3+ Kg7 47. Qe2 Bxd7 48. Qxc2 1-0

[Event "62.Camp. Veneto Quarti di Finale"]
[Site "Arquà Petrarca ITA"]
[Date "2002.05.12"]
[Round "6.23"]
[White "Busà, Michele"]
[Black "Angelini, Francesco"]
[Result "1-0"]
[WhiteElo "1543"]
[BlackElo "1300"]
[Annotator "Gabriele Ballarin"]
[PlyCount "84"]
[EventDate "2002.05.04"]
[EventType "swiss"]
[EventRounds "6"]
[EventCountry "ITA"]

1. Nf3 e6 2. d4 f5 3. c4 Nf6 4. Nc3 Be7 5. Bf4 O-O 6. Qc2 d6 7. e4 fxe4 8. Nxe4 Nc6 9. a3 Nxd4 10. Nxd4 e5 11. Bxe5 dxe5 12. Nf3 Bd6 13. Rd1 Nxe4 14. Qxe4 Bf5 15. Qd5+ Kh8 16. c5 Be7 17. Qxe5 Qc8 18. Nd4 Bf6 19. Qxf5 Bxd4 20. Qxc8 Bxf2+ 21. Kd2 Raxc8 22. b4 Bd4 23. Kc2 Rcd8 24. Rd2 Rfe8 25. Bb5 c6 26. Rhd1 Bf6 27. Rxd8 Rxd8 28. Rxd8+ Bxd8 29. Bc4 g6 30. Kd3 Kg7 31. Be6 Kf6 32. Bc8 b6 33. Bb7 bxc5 34. bxc5 Bc7 35. h3 Ke5 36. Bxc6 h6 37. Kc4 a5 38. Be8 g5 39. Bh5 Bd8 40. Kb5 Bc7 41. Kc6 Bd8 42. Kd7 Bf6 1-0

[Event "62.Camp. Veneto Quarti di Finale"]
[Site "Arquà Petrarca ITA"]
[Date "2002.05.12"]
[Round "6.24"]
[White "Forzin, Gianluca"]
[Black "Bdair, Bilal"]
[Result "1-0"]
[WhiteElo "1482"]
[BlackElo "1300"]
[Annotator "Gabriele Ballarin"]
[PlyCount "95"]
[EventDate "2002.05.04"]
[EventType "swiss"]
[EventRounds "6"]
[EventCountry "ITA"]

1. e4 e6 2. d4 d5 3. Nc3 Nf6 4. e5 Ne4 5. Nxe4 dxe4 6. c3 c5 7. g3 b6 8. Bg2 Bb7 9. Ne2 Be7 10. O-O O-O 11. Qc2 Na6 12. Bxe4 Bxe4 13. Qxe4 cxd4 14. cxd4 f5 15. exf6 Rxf6 16. Bg5 Rf7 17. Bxe7 Rxe7 18. Rad1 Rc8 19. Nf4 Nc7 20. Rfe1 Qe8 21. h4 Qb5 22. b3 Rce8 23. Nh3 Nd5 24. Rc1 Qb4 25. Ng5 g6 26. h5 Kg7 27. hxg6 hxg6 28. Qe5+ Kg8 29. Kg2 Qd2 30. Rh1 Ne3+ 31. Qxe3 Qxe3 32. fxe3 Rf8 33. Rhf1 Rd8 34. Rf6 Kg7 35. Rxe6 Rde8 36. Rxe7+ Rxe7 37. Kf3 Kh6 38. Ne4 g5 39. g4 Rf7+ 40. Ke2 Re7 41. Nf2 Re6 42. Rc7 a5 43. a4 Rd6 44. Nd3 Re6 45. Ne5 Rf6 46. Rc6 Kg7 47. Rxf6 Kxf6 48. Nd7+ 1-0

[Event "62.Camp. Veneto Quarti di Finale"]
[Site "Arquà Petrarca ITA"]
[Date "2002.05.12"]
[Round "6.25"]
[White "Bau, Lorenzo"]
[Black "Cipolotti, Piersilvio"]
[Result "0-1"]
[WhiteElo "1300"]
[BlackElo "1455"]
[Annotator "Gabriele Ballarin"]
[PlyCount "54"]
[EventDate "2002.05.04"]
[EventType "swiss"]
[EventRounds "6"]
[EventCountry "ITA"]

1. d4 Nc6 2. Nf3 d5 3. c4 Bg4 4. Nc3 e6 5. h3 Bxf3 6. exf3 dxc4 7. Be3 Nf6 8. Bxc4 Be7 9. O-O O-O 10. a3 a6 11. Qe2 Nxd4 12. Bxd4 Qxd4 13. Rad1 Qb6 14. Rd2 Rad8 15. Rc2 Rd4 16. g3 Rfd8 17. Kg2 Nh5 18. f4 Nxf4+ 19. gxf4 Qc6+ 20. Kg1 Rxc4 21. f5 Bxa3 22. fxe6 fxe6 23. bxa3 Rxc3 24. Rxc3 Qxc3 25. Qxe6+ Kh8 26. Rd1 Rxd1+ 27. Kg2 Qc6+ 0-1

[Event "62.Camp. Veneto Quarti di Finale"]
[Site "Arquà Petrarca ITA"]
[Date "2002.05.12"]
[Round "6.26"]
[White "Zuccarello, Gianni"]
[Black "Meggiorin, Orlando"]
[Result "0-1"]
[WhiteElo "1600"]
[BlackElo "1432"]
[Annotator "Gabriele Ballarin"]
[PlyCount "70"]
[EventDate "2002.05.04"]
[EventType "swiss"]
[EventRounds "6"]
[EventCountry "ITA"]

1. d4 d5 2. c4 Nc6 3. e3 Nf6 4. Nf3 Bg4 5. Nbd2 e6 6. a3 Be7 7. b4 a6 8. Bb2 O-O 9. Qc2 Na7 10. Be2 Rc8 11. O-O b5 12. c5 Nc6 13. h3 Bh5 14. Bd3 h6 15. Bc3 Kh8 16. a4 Rb8 17. axb5 axb5 18. Ra6 Qd7 19. Rfa1 Bg6 20. Ne5 Nxe5 21. dxe5 Bxd3 22. Qxd3 Nh7 23. Nf3 Ng5 24. Nd4 Ne4 25. Be1 Bxc5 26. f3 Bxd4 27. exd4 Ng5 28. R1a5 f6 29. Qc2 fxe5 30. dxe5 Qf7 31. Qd3 Qh5 32. Rc6 Nxf3+ 33. gxf3 Rxf3 34. Qe2 Rg3+ 35. Kf2 Rf8+ 0-1

[Event "62.Camp. Veneto Quarti di Finale"]
[Site "Arquà Petrarca ITA"]
[Date "2002.05.12"]
[Round "6.27"]
[White "Nizzardo, Mattia"]
[Black "Levi Minzi, Matteo"]
[Result "0-1"]
[WhiteElo "1452"]
[BlackElo "1425"]
[Annotator "Gabriele Ballarin"]
[PlyCount "100"]
[EventDate "2002.05.04"]
[EventType "swiss"]
[EventRounds "6"]
[EventCountry "ITA"]

1. e4 e5 2. Nf3 Nc6 3. d4 exd4 4. Bc4 h6 5. O-O Bc5 6. Kh1 Nge7 7. Re1 O-O 8. e5 d3 9. Qxd3 Bxf2 10. Re2 Bc5 11. Be3 Bxe3 12. Qxe3 d5 13. Rd2 Na5 14. Bxd5 Nxd5 15. Qc5 c6 16. c4 Qb6 17. Qxb6 Nxb6 18. b3 c5 19. Nc3 Be6 20. Rad1 Nc6 21. Nb5 Rad8 22. Rxd8 Nxd8 23. Nxa7 Bg4 24. Rd6 Nd7 25. Rd5 Re8 26. Nb5 Nc6 27. h3 Be6 28. Rd1 Ndxe5 29. Nxe5 Nxe5 30. Nc7 Rc8 31. Nxe6 fxe6 32. Re1 Nc6 33. Rxe6 Ra8 34. a4 Kf7 35. Rd6 Ke7 36. Rg6 Kf7 37. Rg3 Rd8 38. Rf3+ Ke6 39. Re3+ Ne5 40. Kh2 Rd3 41. Rg3 Rxg3 42. Kxg3 Nd3 43. Kh4 Nc1 44. Kh5 Kf7 45. g4 Nxb3 46. g5 hxg5 47. Kxg5 Nd2 48. Kf4 Nxc4 49. Ke4 Ke6 50. Kd3 Nb2+ 0-1

[Event "62.Camp. Veneto Quarti di Finale"]
[Site "Arquà Petrarca ITA"]
[Date "2002.05.12"]
[Round "6.28"]
[White "Arras, Antonio"]
[Black "Mason, Michele"]
[Result "1-0"]
[WhiteElo "1446"]
[BlackElo "1800"]
[Annotator "Gabriele Ballarin"]
[PlyCount "43"]
[EventDate "2002.05.04"]
[EventType "swiss"]
[EventRounds "6"]
[EventCountry "ITA"]

1. e4 e5 2. Nf3 Nc6 3. Bb5 a6 4. Ba4 Nf6 5. O-O d6 6. d4 b5 7. dxe5 bxa4 8. exf6 Qxf6 9. Nc3 Bg4 10. Nd5 Qd8 11. Bf4 Be7 12. Nxe7 Qxe7 13. Qd5 Qd7 14. e5 Bxf3 15. Qxf3 Rb8 16. exd6 cxd6 17. Rad1 Qb7 18. Rfe1+ Ne5 19. Qxb7 Rxb7 20. Rxd6 f6 21. Rxa6 Rxb2 22. Ra8+ 1-0

[Event "62.Camp. Veneto Quarti di Finale"]
[Site "Arquà Petrarca ITA"]
[Date "2002.05.12"]
[Round "6.29"]
[White "De Nard, Stefano"]
[Black "Colusso, Enrico"]
[Result "0-1"]
[WhiteElo "1422"]
[BlackElo "1446"]
[Annotator "Gabriele Ballarin"]
[PlyCount "64"]
[EventDate "2002.05.04"]
[EventType "swiss"]
[EventRounds "6"]
[EventCountry "ITA"]

1. e4 e5 2. f4 d5 3. Nf3 Bg4 4. Be2 Nc6 5. O-O Bc5+ 6. Kh1 exf4 7. exd5 Qxd5 8. Nc3 Qd7 9. Ng5 Bxe2 10. Qxe2+ Qe7 11. Qxe7+ Bxe7 12. Re1 h6 13. Nf3 O-O-O 14. d3 g5 15. Ne5 Nxe5 16. Rxe5 Bf6 17. Re4 Bxc3 18. bxc3 Nf6 19. Re7 Rhe8 20. Ba3 Nd5 21. Rxf7 Re2 22. c4 Rde8 23. Bc5 Re1+ 24. Rxe1 Rxe1+ 25. Bg1 Nc3 26. h3 Ne2 27. Re7 Rxg1+ 28. Kh2 Re1 29. d4 h5 30. d5 g4 31. h4 g3+ 32. Kh3 Ng1# 0-1

[Event "62.Camp. Veneto Quarti di Finale"]
[Site "Arquà Petrarca ITA"]
[Date "2002.05.12"]
[Round "6.30"]
[White "Menin, Massimo"]
[Black "Alessi, Giovanni"]
[Result "0-1"]
[WhiteElo "1300"]
[BlackElo "1492"]
[Annotator "Gabriele Ballarin"]
[PlyCount "156"]
[EventDate "2002.05.04"]
[EventType "swiss"]
[EventRounds "6"]
[EventCountry "ITA"]

1. Nf3 g6 2. c4 Bg7 3. d4 e6 4. g3 c6 5. e4 d6 6. Nc3 Nd7 7. Bg2 Qc7 8. O-O e5 9. d5 Ngf6 10. Be3 c5 11. Nb5 Qb6 12. Qc2 a6 13. Nc3 Qc7 14. a4 O-O 15. Qc1 Nb6 16. b3 Ng4 17. Bd2 f5 18. exf5 Bxf5 19. Nh4 Bd3 20. Ne4 Bxf1 21. Qxf1 Nf6 22. Ba5 Nxe4 23. Bxe4 Rf6 24. Nf3 h6 25. Qd3 Raf8 26. Re1 Qf7 27. Kg2 Nd7 28. Bd2 g5 29. h3 b5 30. axb5 axb5 31. Ra1 bxc4 32. bxc4 Nb6 33. Ra2 Nxc4 34. Bc1 Nb6 35. Ra3 Rc8 36. Ra6 Qc7 37. Qb5 Rb8 38. Qa5 Rb7 39. Be3 Nc4 40. Ra8+ Kf7 41. Qa4 Nxe3+ 42. fxe3 Qe7 43. g4 Qd7 44. Qc6 Ke7 45. Bf5 Qxc6 46. dxc6 Rc7 47. Bd7 Rf8 48. Ra4 Bf6 49. Ng1 d5 50. Ne2 Kd6 51. Nc3 Rxd7 52. cxd7 d4 53. exd4 exd4 54. Ne4+ Kxd7 55. Nxc5+ Kc6 56. Ne4 Kd5 57. Nf2 Rc8 58. Ra6 Rc6 59. Rxc6 Kxc6 60. Kf3 Kd5 61. Nd3 Kc4 62. Ke4 Bd8 63. Nb2+ Kc3 64. Nd3 Bc7 65. Nc1 Bf4 66. Nd3 Be3 67. Nc5 Kd2 68. Nb3+ Ke2 69. Nxd4+ Bxd4 70. Kxd4 Kf3 71. Ke5 Kg3 72. Kf5 Kxh3 73. Kg6 Kxg4 74. Kxh6 Kf4 75. Kh5 g4 76. Kh4 Kf3 77. Kh5 g3 78. Kh4 g2 0-1

[Event "62.Camp. Veneto Quarti di Finale"]
[Site "Arquà Petrarca ITA"]
[Date "2002.05.12"]
[Round "6.31"]
[White "Sommacal, Giovanni"]
[Black "Chinello, Silvio"]
[Result "1/2-1/2"]
[WhiteElo "1300"]
[BlackElo "1300"]
[Annotator "Gabriele Ballarin"]
[PlyCount "135"]
[EventDate "2002.05.04"]
[EventType "swiss"]
[EventRounds "6"]
[EventCountry "ITA"]

1. e4 e5 2. Nf3 Nc6 3. Bc4 Bc5 4. O-O Nf6 5. d3 d6 6. Nc3 Bg4 7. Be3 Nd4 8. Bxd4 Bxd4 9. h3 Bh5 10. Rb1 a6 11. Nd5 Nxd5 12. Bxd5 c6 13. Bb3 Qf6 14. g4 Bg6 15. Nxd4 exd4 16. f4 h6 17. e5 dxe5 18. fxe5 Qe7 19. Qf3 O-O 20. Rbe1 Rae8 21. c3 dxc3 22. d4 cxb2 23. Kh2 b1=Q 24. Rxb1 Bxb1 25. Rxb1 Kh8 26. Rf1 f6 27. Qe4 g5 28. e6 Qg7 29. Re1 Re7 30. d5 cxd5 31. Bxd5 Qh7 32. Qf5 Qxf5 33. gxf5 Kg7 34. a4 Rb8 35. Rd1 Kf8 36. Be4 b5 37. Bc6 b4 38. Rb1 a5 39. Kg3 h5 40. h4 g4 41. Kf4 b3 42. Bb5 Rc7 43. Rxb3 Rc5 44. Re3 Ke7 45. Rd3 Rcxb5 46. axb5 Rxb5 47. Rd7+ Ke8 48. Ra7 g3 49. Ra8+ Ke7 50. Ra7+ Kd6 51. Kxg3 Rxf5 52. e7 Re5 53. e8=Q Rxe8 54. Rxa5 Rh8 55. Kf4 Ke6 56. Ra6+ Kf7 57. Kf5 Rh6 58. Ra7+ Ke8 59. Ke6 Kf8 60. Rf7+ Kg8 61. Rxf6 Rxf6+ 62. Kxf6 Kh7 63. Kg5 Kg7 64. Kxh5 Kf6 65. Kh6 Kf7 66. h5 Kf6 67. Kh7 Kf7 68. h6 1/2-1/2

[Event "62.Camp. Veneto Quarti di Finale"]
[Site "Arquà Petrarca ITA"]
[Date "2002.05.12"]
[Round "6.32"]
[White "Crescenzio, Alberto"]
[Black "Zabeo, Gianpaolo"]
[Result "0-1"]
[WhiteElo "1300"]
[BlackElo "1300"]
[Annotator "Gabriele Ballarin"]
[PlyCount "126"]
[EventDate "2002.05.04"]
[EventType "swiss"]
[EventRounds "6"]
[EventCountry "ITA"]

1. e4 e5 2. Nf3 Nc6 3. Bc4 Bc5 4. O-O Nf6 5. Nc3 d6 6. d3 h6 7. h3 Bd7 8. Bd2 Qe7 9. Re1 O-O-O 10. Qe2 Rdg8 11. Be3 g5 12. Reb1 g4 13. hxg4 Bxg4 14. Kf1 Rg7 15. Ke1 Rhg8 16. Kd2 Bxf3 17. Qxf3 Rxg2 18. Qf5+ Kb8 19. Qf3 Ng4 20. Qxg2 Qf6 21. Rf1 Rg6 22. Nd5 Nxe3 23. Nxf6 Rxg2 24. Nd7+ Kc8 25. Nxc5 Nxf1+ 26. Rxf1 dxc5 27. Bxf7 Nd4 28. Bh5 Kd7 29. c3 Nc6 30. Bf3 Rg5 31. Rh1 Rg6 32. Rh2 Ke7 33. Ke3 Kf6 34. Be2 Kg7 35. f4 Rg3+ 36. Kf2 exf4 37. Rh4 Ne5 38. Rxf4 Rh3 39. Kg2 Re3 40. Kf2 Rxd3 41. Bxd3 Nxd3+ 42. Kf3 Nxf4 43. Kxf4 Kf6 44. e5+ Ke6 45. c4 c6 46. b3 b6 47. a3 a6 48. a4 a5 49. Kg4 Kxe5 50. Kh5 Kd4 51. Kxh6 Kc3 52. Kg5 Kxb3 53. Kf4 Kxc4 54. Ke3 b5 55. axb5 cxb5 56. Kd2 b4 57. Kc1 a4 58. Kb1 Kc3 59. Ka1 c4 60. Kb1 Kb3 61. Ka1 c3 62. Kb1 c2+ 63. Ka1 c1=Q# 0-1

[Event "62.Camp. Veneto Quarti di Finale"]
[Site "Arquà Petrarca ITA"]
[Date "2002.05.12"]
[Round "6.33"]
[White "Piasentini, Gabriele"]
[Black "Franco, Leopoldo"]
[Result "0-1"]
[WhiteElo "1300"]
[BlackElo "1400"]
[Annotator "Gabriele Ballarin"]
[PlyCount "79"]
[EventDate "2002.05.04"]
[EventType "swiss"]
[EventRounds "6"]
[EventCountry "ITA"]

1. e4 e5 2. Nf3 Nc6 3. Nc3 Nf6 4. Bb5 a6 5. Bxc6 dxc6 6. Nxe5 Bd6 7. Nf3 Bg4 8. h3 Bxf3 9. Qxf3 Qe7 10. O-O O-O-O 11. d4 Bb4 12. a3 Bxc3 13. bxc3 Qxe4 14. Qxe4 Nxe4 15. Re1 Nxc3 16. Bb2 Na4 17. Rab1 Nxb2 18. Rxb2 Rxd4 19. Re7 Rd7 20. Rxd7 Kxd7 21. c3 Re8 22. Rd2+ Kc8 23. Kf1 Re5 24. Re2 f6 25. Rxe5 fxe5 26. Ke2 Kd7 27. Ke3 Ke6 28. f4 exf4+ 29. Kxf4 Kf6 30. g4 g5+ 31. Kg3 h6 32. h4 b5 33. hxg5+ hxg5 34. Kf3 Ke5 35. Ke3 c5 36. Kd3 c6 37. c4 a5 38. cxb5 cxb5 39. Kc2 Kd4 40. Kb3 0-1

[Event "63.ITA Provinciale VE"]
[Site "Venezia Canal"]
[Date "2003.01.24"]
[Round "1.1"]
[White "Tonolo, Maurizio"]
[Black "Rosino, Antonio"]
[Result "0-1"]
[WhiteElo "1600"]
[BlackElo "2275"]
[Annotator "Gabriele Ballarin"]
[PlyCount "78"]
[EventDate "2003.01.24"]
[EventType "swiss"]
[EventRounds "5"]
[EventCountry "ITA"]
[SourceTitle "Inf 22"]

1. d4 Nf6 2. Nf3 g6 3. g3 Bg7 4. Bg2 O-O 5. O-O d5 6. b3 c5 7. Bb2 Nc6 8. dxc5 Qa5 9. Nbd2 Qxc5 10. a3 Bf5 11. b4 Qxc2 12. Qxc2 Bxc2 13. Rac1 Ba4 14. e3 Rac8 15. Ne5 Nxe5 16. Bxe5 e6 17. Bd4 b6 18. Rfe1 Nd7 19. f4 Nb8 20. Bxg7 Kxg7 21. Bf1 Bd7 22. Nf3 Rxc1 23. Rxc1 Rc8 24. Rxc8 Bxc8 25. Nd4 Bd7 26. Kf2 f6 27. b5 Kf7 28. a4 Ke7 29. Nb3 Kd6 30. Kf3 e5 31. Ke2 Bf5 32. Kd2 Nd7 33. Kc3 Nc5 34. Nxc5 Kxc5 35. Be2 d4+ 36. exd4+ exd4+ 37. Kb3 d3 38. Bd1 Kd4 39. Kb4 h5 0-1

[Event "63.ITA Provinciale VE"]
[Site "Venezia Canal"]
[Date "2003.01.24"]
[Round "1.2"]
[White "Roberti, Ignazio"]
[Black "Rorato, Giovanni"]
[Result "0-1"]
[WhiteElo "2031"]
[BlackElo "1500"]
[Annotator "Gabriele Ballarin"]
[PlyCount "180"]
[EventDate "2003.01.24"]
[EventType "swiss"]
[EventRounds "5"]
[EventCountry "ITA"]
[SourceTitle "Inf 22"]

1. e4 c5 2. Nf3 d6 3. d4 cxd4 4. Nxd4 Nf6 5. Nc3 a6 6. Be2 e6 7. O-O Be7 8. a4 Nc6 9. Be3 Qc7 10. f4 O-O 11. Qe1 Bd7 12. Qg3 Rad8 13. Rad1 Nb4 14. Rd2 Kh8 15. Kh1 d5 16. e5 Ne8 17. f5 Nc6 18. fxe6 Bxe6 19. Nf3 Qb8 20. Bb6 Rd7 21. Rfd1 Nb4 22. Ng5 h6 23. Nge4 Qc8 24. Nf2 Nc7 25. Nd3 Na8 26. Be3 d4 27. Nxb4 dxe3 28. Rxd7 Bxd7 29. Nbd5 Bc5 30. Nxe3 Nc7 31. Ne4 Ne6 32. Nf5 Ng5 33. Nfd6 Bxd6 34. Nxd6 Qxc2 35. Qe3 Qg6 36. b3 Bc6 37. Bf1 Qc2 38. Rc1 Qg6 39. Bd3 Qe6 40. Bc4 Qg4 41. Bf1 Ne6 42. h3 Qf4 43. Qxf4 Nxf4 44. Kh2 Kg8 45. g3 Ne6 46. Bc4 Nd4 47. g4 Nf3+ 48. Kg3 Nxe5 49. Kf4 Nxc4 50. Nxc4 Rd8 51. Ne5 Rd6 52. Nxc6 bxc6 53. h4 Kf8 54. Rc5 Ke7 55. Ke4 Re6+ 56. Kf4 Kd6 57. Ra5 Re7 58. Rxa6 Rb7 59. g5 hxg5+ 60. hxg5 Rxb3 61. Ra7 Ke6 62. g6 fxg6 63. Kg5 Kd5 64. Kxg6 Rg3+ 65. Kf5 Kc5 66. Kf4 Rg1 67. a5 g5+ 68. Kf3 Kb5 69. Kf2 Rg4 70. Kf3 Ra4 71. Rg7 g4+ 72. Kg3 Kxa5 73. Rg5+ Kb6 74. Rg6 Rb4 75. Rg8 Re4 76. Rb8+ Kc5 77. Rc8 Kb5 78. Rb8+ Kc4 79. Rc8 c5 80. Rb8 Kd3 81. Rb3+ Kd4 82. Rb8 c4 83. Rb4 Kd3 84. Rb8 c3 85. Rd8+ Kc2 86. Rc8 Kd3 87. Rd8+ Ke3 88. Rc8 Kd3 89. Rd8+ Rd4 90. Rc8 Rc4 0-1

[Event "63.ITA Provinciale VE"]
[Site "Venezia Canal"]
[Date "2003.01.24"]
[Round "1.3"]
[White "Assan, Ju"]
[Black "Ribon, Andrea"]
[Result "0-1"]
[WhiteElo "1500"]
[BlackElo "1764"]
[Annotator "Gabriele Ballarin"]
[PlyCount "62"]
[EventDate "2003.01.24"]
[EventType "swiss"]
[EventRounds "5"]
[EventCountry "ITA"]
[SourceTitle "Inf 22"]

1. c4 c5 2. Nf3 Nf6 3. Nc3 d5 4. cxd5 Nxd5 5. g3 Nc6 6. Bg2 e6 7. O-O Be7 8. Rb1 O-O 9. d3 Bf6 10. Nxd5 exd5 11. b3 Be6 12. Bb2 Rc8 13. Bxf6 Qxf6 14. a3 Rfe8 15. Re1 b6 16. Qc1 h6 17. Qb2 Qe7 18. e4 dxe4 19. Rxe4 Qd7 20. Qe2 Bf5 21. Ne5 Nxe5 22. Rxe5 Rxe5 23. Qxe5 Re8 24. Qf4 Qxd3 25. Rf1 Be6 26. Re1 Qxb3 27. g4 Rd8 28. g5 hxg5 29. Qxg5 Rd1 30. Rxd1 Qxd1+ 31. Bf1 Bc4 0-1

[Event "63.ITA Provinciale VE"]
[Site "Venezia Canal"]
[Date "2003.01.24"]
[Round "1.4"]
[White "Trangoni, Bruno"]
[Black "Alviti, Claudio"]
[Result "1-0"]
[WhiteElo "1743"]
[BlackElo "1500"]
[Annotator "Gabriele Ballarin"]
[PlyCount "65"]
[EventDate "2003.01.24"]
[EventType "swiss"]
[EventRounds "5"]
[EventCountry "ITA"]
[SourceTitle "Inf 22"]

1. f4 d5 2. Nf3 c5 3. e3 Nc6 4. Bb5 Bd7 5. b3 a6 6. Bxc6 Bxc6 7. Bb2 e6 8. O-O Nf6 9. d3 Be7 10. Nbd2 O-O 11. Ne5 Rc8 12. Ndf3 Nd7 13. Nxd7 Bxd7 14. Ne5 f6 15. Nxd7 Qxd7 16. Qg4 Bd8 17. f5 exf5 18. Rxf5 Be7 19. Qf3 Rcd8 20. Rf1 b5 21. h4 Qe6 22. h5 d4 23. e4 Rd6 24. Rxc5 Rd7 25. Qf5 Qb6 26. Qxd7 Bxc5 27. Qd5+ Kh8 28. Rf5 Rc8 29. b4 Bxb4 30. Bxd4 Qc7 31. h6 Bf8 32. Rxf6 Qg3 33. Rxf8+ 1-0

[Event "63.ITA Provinciale VE"]
[Site "Venezia Canal"]
[Date "2003.01.24"]
[Round "1.5"]
[White "Lanzetta, Alberto"]
[Black "Baracchi, Filippo"]
[Result "0-1"]
[WhiteElo "1458"]
[BlackElo "1741"]
[Annotator "Gabriele Ballarin"]
[PlyCount "68"]
[EventDate "2003.01.24"]
[EventType "swiss"]
[EventRounds "5"]
[EventCountry "ITA"]
[SourceTitle "Inf 22"]

1. d4 Nf6 2. Bg5 e6 3. e4 Be7 4. Bxf6 Bxf6 5. e5 Be7 6. Bd3 d6 7. Qg4 dxe5 8. dxe5 g6 9. Nc3 Nc6 10. f4 Nb4 11. O-O-O Nd5 12. Nge2 Bd7 13. Qf3 c6 14. g4 Qb6 15. h4 O-O-O 16. Nxd5 cxd5 17. f5 Kb8 18. h5 exf5 19. gxf5 gxf5 20. Bxf5 Bxf5 21. Qxf5 Qe3+ 22. Rd2 Bg5 23. Rhd1 Rhe8 24. Kb1 Qxe5 25. Qxe5+ Rxe5 26. Nc1 Bxd2 27. Rxd2 Rxh5 28. b3 Rg5 29. Nd3 h5 30. Rh2 Rh8 31. Kb2 h4 32. Kc3 h3 33. Kd4 Rg2 34. Rh1 h2 0-1

[Event "63.ITA Provinciale VE"]
[Site "Venezia Canal"]
[Date "2003.01.25"]
[Round "2.1"]
[White "Rosino, Antonio"]
[Black "Zangrando, Gianpietro"]
[Result "1-0"]
[WhiteElo "2275"]
[BlackElo "1638"]
[Annotator "Gabriele Ballarin"]
[PlyCount "109"]
[EventDate "2003.01.24"]
[EventType "swiss"]
[EventRounds "5"]
[EventCountry "ITA"]
[SourceTitle "Inf 22"]

1. e4 e6 2. d4 d5 3. Nc3 Bb4 4. e5 c5 5. a3 Ba5 6. Qg4 Ne7 7. dxc5 Bxc3+ 8. bxc3 Ng6 9. Nf3 Qa5 10. Qb4 Nc6 11. Bb5 Qc7 12. Bxc6+ bxc6 13. O-O Rb8 14. Qa4 O-O 15. Re1 Rb5 16. Qd4 Ba6 17. a4 Ra5 18. Ba3 Bc4 19. Bb4 Ra6 20. Nd2 Ne7 21. Nxc4 dxc4 22. Qxc4 Qc8 23. Red1 Nd5 24. Rd3 Rd8 25. Rg3 g6 26. h4 h5 27. Qe2 Kh7 28. Rf3 Rd7 29. Rg3 Qb7 30. Qc4 Nc7 31. Rd3 Nd5 32. Qb3 Qb8 33. c4 Rb7 34. cxd5 Rxb4 35. d6 Rxb3 36. cxb3 Ra5 37. d7 Qd8 38. b4 Ra6 39. Rd6 Kg7 40. a5 Kf8 41. Rc1 Ke7 42. g3 Kf8 43. Rcd1 Kg7 44. b5 Rxa5 45. Rxc6 Ra1 46. Rxa1 Qxd7 47. Rd6 Qxb5 48. Rc1 Qb2 49. Rdd1 g5 50. hxg5 h4 51. gxh4 Qe2 52. Rd4 Qxe5 53. Rdc4 Qf5 54. c6 e5 55. c7 1-0

[Event "63.ITA Provinciale VE"]
[Site "Venezia Canal"]
[Date "2003.01.25"]
[Round "2.2"]
[White "Ribon, Andrea"]
[Black "Angelini, Francesco"]
[Result "1-0"]
[WhiteElo "1764"]
[BlackElo "1600"]
[Annotator "Gabriele Ballarin"]
[PlyCount "55"]
[EventDate "2003.01.24"]
[EventType "swiss"]
[EventRounds "5"]
[EventCountry "ITA"]
[SourceTitle "Inf 22"]

1. c4 f5 2. d4 Nf6 3. Nf3 e6 4. g3 Be7 5. Bg2 d5 6. O-O O-O 7. Qb3 c6 8. Nc3 Nbd7 9. Rd1 Ne4 10. Bf4 g5 11. Bd2 Nd6 12. cxd5 exd5 13. Rac1 h6 14. Na4 Ne4 15. Bb4 f4 16. Bxe7 Qxe7 17. Nc3 fxg3 18. Nxe4 Qxe4 19. hxg3 g4 20. Nh4 Qxe2 21. Rf1 Qe6 22. Rce1 Qf7 23. Qe3 Qg7 24. Qe6+ Kh7 25. Qd6 Nb6 26. Re7 Rf7 27. Rfe1 Nc4 28. Qc7 1-0